Spotrebiteľ a elektronický obchod
Vymedzenie pojmu elektronický obchod. Hodnoty elektronického obchodu v západnej Európe za rok 2005 a prognóza pre rok 2009. Vývoj elektronického obchodu v Poľsku (2001-2006). Pravidlá nakupovania pri B2C elektronickom obchode.
Salvato in:
| Autore principale: | |
|---|---|
| Natura: | Capitolo di libro |
| Lingua: | slovacco |
| Soggetti: | |
| Tags: |
Nessun Tag, puoi essere il primo ad aggiungerne!!
|
MARC
| LEADER | 00000nla$a2200000$$$4500 | ||
|---|---|---|---|
| 001 | 0072305 | ||
| 005 | 20240611105447.9 | ||
| 041 | 0 | |a slo | |
| 044 | |a CZ | ||
| 245 | 1 | 0 | |a Spotrebiteľ a elektronický obchod |c Katarína Karasová |
| 520 | |a Vymedzenie pojmu elektronický obchod. Hodnoty elektronického obchodu v západnej Európe za rok 2005 a prognóza pre rok 2009. Vývoj elektronického obchodu v Poľsku (2001-2006). Pravidlá nakupovania pri B2C elektronickom obchode. | ||
| 610 | 2 | 0 | |a obchod elektronický |
| 610 | 2 | 0 | |a internet |
| 610 | 2 | 0 | |a počítače |
| 610 | 2 | 0 | |a podnikanie |
| 610 | 2 | 0 | |a podnikatelia |
| 610 | 2 | 0 | |a spotrebitelia |
| 610 | 2 | 0 | |a zákazníci |
| 610 | 2 | 0 | |a tovar |
| 610 | 2 | 0 | |a ceny |
| 100 | 1 | |a Karasová, Katarína | |